| 000 | 00513nam a22001937a 4500 | ||
|---|---|---|---|
| 003 | KOHA_MİRAKIL | ||
| 005 | 20250407150937.0 | ||
| 008 | 250407b tu ||||| |||| 00| 0 tur d | ||
| 020 | _a9755332561 | ||
| 040 |
_aTR-AnABB _btur _cTR-AnABB |
||
| 041 | _atur | ||
| 082 |
_a940.21 _bATT 1999 |
||
| 100 | 1 | _aAttalı, Jacques, | |
| 245 | 1 | 0 |
_a1492 / _cJacques Attalı |
| 260 |
_aAnkara : _bİmge Yayınları, _c1999 |
||
| 300 |
_a310 sayfa ; _c20 cm |
||
| 650 | 0 | 4 | _aTarih, Avrupa tarihi |
| 942 |
_2ddc _cBK |
||
| 999 |
_c8594 _d8594 |
||
| 900 | _bGizem YORULMAZ | ||